000
00233nam a22000857a 4500
008
160718b xxu||||| |||| 00| 0 eng d
100
_9
3030
_a
Malhotra, S.S., et al
245
_a
a b c of Mathematics - 1
260
_a
New Delhi
_b
Holy Faith
999
_c
2593
_d
2593